| 000 | 00763nam a22002057a 4500 | ||
|---|---|---|---|
| 999 |
_c15715 _d15715 |
||
| 003 | AR-CdUCM | ||
| 008 | 190417b ||||| |||| 00| 0 spa d | ||
| 040 |
_aMUNICIPALIDAD PROVINCIAL DEL CUSCO _cBIBLIOTECA MUNICIPAL DEL CUSCO |
||
| 082 |
_a379.2 / _bG66 / 1958 |
||
| 100 |
_aGonzales Marin, Carlos Alberto _917278 |
||
| 245 | _aApuntes para la historia de Tacna El cura sors y su escuela de heroísmo (1838 - 1875) / | ||
| 260 |
_aLima : _bMercagraph, _c1958. |
||
| 300 |
_a39 paginas ; _bilustraciones, _c22 cm. |
||
| 505 | _aContenido : Un continente mágico y su hechizo -- Guerrillero español y maestro de escuela ... | ||
| 650 |
_aLiteratura _983 |
||
| 650 |
_aHistoria _9136 |
||
| 650 |
_aPerú _935 |
||
| 942 |
_2ddc _cLIBROS |
||
| 945 |
_arah _d29/04/2019 |
||